Pays par nombre de jumelages avec des villes françaises - Statistiques

Statistiques générales
  • Ce quiz a été pris 440 fois
  • Le résultat moyen est 19 sur 24
Statistiques - réponses
Nombre de jumelage Pays % Correct
2317 Allemagne
99%
598 Espagne
99%
1003 Italie
99%
146 Etats-Unis
96%
1093 Royaume-Uni
95%
335 Belgique
94%
190 Portugal
94%
36 Russie
94%
61 Canada
91%
108 Suisse
91%
29 Chine
89%
292 Pologne
89%
37 Pays-Bas
86%
26 Japon
85%
37 Autriche
83%
163 Irlande
80%
45 Grèce
77%
244 Roumanie
68%
81 Hongrie
67%
69 République Tchèque
66%
32 Sénégal
40%
42 Israël
32%
44 Mali
30%
39 Burkina Faso
15%
Aucun quiz correspondant
Distribution des résultats
% des personnes avec chaque résultat
Percentile par nombre de réponses
Votre historique - résultats
Vous n’avez pas pris ce quiz